Constituent power of the indian parliament : (Record no. 124347)
[ view plain ]
| 000 -LEADER | |
|---|---|
| fixed length control field | 00736nam a22002297a 4500 |
| 005 - DATE AND TIME OF LATEST TRANSACTION | |
| control field | 20170124105938.0 |
| 010 ## - LIBRARY OF CONGRESS CONTROL NUMBER | |
| LC control number | A-0298425 |
| 020 ## - INTERNATIONAL STANDARD BOOK NUMBER | |
| Terms of availability | 00.00 |
| 035 ## - SYSTEM CONTROL NUMBER | |
| System control number | A-0298425 |
| 037 ## - SOURCE OF ACQUISITION | |
| Source of stock number/acquisition | Cen Lib/Ret |
| 040 ## - CATALOGING SOURCE | |
| Original cataloging agency | DPL |
| Language of cataloging | EN |
| 082 ## - DEWEY DECIMAL CLASSIFICATION NUMBER | |
| Classification number | 328.340954 |
| Item number | GUP |
| 100 ## - MAIN ENTRY--PERSONAL NAME | |
| Personal name | Gupta, Sat Pal |
| 9 (RLIN) | 10436 |
| 245 ## - TITLE STATEMENT | |
| Title | Constituent power of the indian parliament : |
| Statement of responsibility, etc | by Sat Pal Gupta |
| Remainder of title | a politico-legal analysis / |
| 260 ## - PUBLICATION, DISTRIBUTION, ETC. (IMPRINT) | |
| Place of publication, distribution, etc | New Delhi |
| Name of publisher, distributor, etc | Anmol Publications |
| Date of publication, distribution, etc | 1987 |
| 270 ## - ADDRESS | |
| City | New Delhi |
| Address | 20, layalpur |
| Postal code | 110051 |
| 300 ## - PHYSICAL DESCRIPTION | |
| Extent | xvi, 168p. |
| Dimensions | 21cm(Hb) |
| 500 ## - GENERAL NOTE | |
| General note | Includes bibliographical references and index |
| 650 ## - SUBJECT ADDED ENTRY--TOPICAL TERM | |
| Topical term or geographic name as entry element | Legal perception |
| 9 (RLIN) | 10437 |
| 650 ## - SUBJECT ADDED ENTRY--TOPICAL TERM | |
| Topical term or geographic name as entry element | Judicial review |
| 9 (RLIN) | 10438 |
| 942 ## - ADDED ENTRY ELEMENTS (KOHA) | |
| Source of classification or shelving scheme | Dewey Decimal Classification |
| Koha item type | English Books |
| Classification part | 328.340954 |
| Call number suffix | GUP |
| Withdrawn status | Lost status | Damaged status | Not for loan | Home library | Current library | Date acquired | Source of acquisition | Cost, normal purchase price | Total Checkouts | Full call number | Barcode | Date last seen | Copy number | Cost, replacement price | Price effective from | Koha item type |
|---|---|---|---|---|---|---|---|---|---|---|---|---|---|---|---|---|
| Central Library | Central Library | 16/06/2015 | Cen Lib/Ret | 0.00 | 328.340954 GUP | A-0298425 | 16/06/2015 | 1 | 0.00 | 15/09/2016 | English Books |
